| 000 | 00338 a2200133 4500 | ||
|---|---|---|---|
| 999 |
_c321393 _d321393 |
||
| 001 | 86320 | ||
| 003 | NUST | ||
| 005 | 20180122132904.0 | ||
| 008 | 180122b xxu||||| |||| 00| 0 eng d | ||
| 020 | _a9789693523911 | ||
| 082 | _a891.4393 INT | ||
| 100 |
_aIntizar Hussain _99473 |
||
| 245 |
_aQisa Kahanian _cIntizar Hussain _hUrdu |
||
| 260 |
_aLahore _bSang-e-Meel Publishers Lahore _c2011 |
||
| 300 | _a410p | ||
| 942 |
_aAHQ _cBK _k891.4393 INT _2ddc |
||